Joint disease in the horse. (2nd edition) (Record no. 64311)

MARC details
000 -LEADER
fixed length control field 01264nam a2200241 a 4500
008 - FIXED-LENGTH DATA ELEMENTS--GENERAL INFORMATION
fixed length control field 190528s2016 ||||||||||||||||| || u
020 ## - INTERNATIONAL STANDARD BOOK NUMBER
International Standard Book Number 9781455759699
050 ## - LIBRARY OF CONGRESS CALL NUMBER
Classification number SF 959.J64 Joi
100 ## - MAIN ENTRY--PERSONAL NAME
Personal name Kawcak, Christopher E.
245 10 - TITLE STATEMENT
Title Joint disease in the horse. (2nd edition)
Statement of responsibility, etc. Edited by Wayne Mcllwraith; David D. Frisbie; Christopher E. Kawcak; P. Rene van Weeren
250 ## - EDITION STATEMENT
Edition statement 2nd edition
260 ## - PUBLICATION, DISTRIBUTION, ETC.
Place of publication, distribution, etc. Missouri
Name of publisher, distributor, etc. Elsevier
Date of publication, distribution, etc. 2016
300 ## - PHYSICAL DESCRIPTION
Extent xv, 408 pages : illustrations
350 ## -
-- 110.01
650 ## - SUBJECT ADDED ENTRY--TOPICAL TERM
Topical term or geographic name entry element HORSE DISEASES
650 ## - SUBJECT ADDED ENTRY--TOPICAL TERM
Topical term or geographic name entry element JOINT DISEASES--VERTERINARY
700 ## - ADDED ENTRY--PERSONAL NAME
Personal name Mcllwraith, C. Wayne
700 ## - ADDED ENTRY--PERSONAL NAME
Personal name Frisbie, David D.
700 ## - ADDED ENTRY--PERSONAL NAME
Personal name Weeren, P. Rene van
995 ## -
-- KAPASA MAKASA LIBRARY OPEN ACCESS
-- 749299
-- CBU-KAPASA MAKASA LIBRARY (Chinsali)
-- 110.01
-- SF 959.J64 Joi
-- 1
-- AVAILABLE
-- May 30, 2019
-- 749299
-- Kapasa Makasa Library Open Acess Collection
995 ## -
-- MEDICAL LIBRARY OPEN ACCESS
-- 904245
-- CBU-SCHOOL OF MEDICINE LIBRARY (Ndola)
-- 110.01
-- SF 959.J64 Joi
-- 2
-- AVAILABLE
-- Jun 25, 2019
-- 904245
-- Medical Library Open Access Collection
995 ## -
-- MEDICAL LIBRARY OPEN ACCESS
-- 904246
-- CBU-SCHOOL OF MEDICINE LIBRARY (Ndola)
-- 110.01
-- SF 959.J64 Joi
-- 3
-- AVAILABLE
-- Jun 25, 2019
-- 904246
-- Medical Library Open Access Collection
999 ## -
-- 64311
-- 64311

No items available.